| 000 | 00583nam a2200169Ia 4500 | ||
|---|---|---|---|
| 005 | 20250508155844.0 | ||
| 008 | 008 250505s9999 xx 000 0 eng d | ||
| 037 | _aDissertations | ||
| 040 |
_aFEDL _beng _cFEDL |
||
| 041 |
_aeng _2eng |
||
| 084 |
_a301.201 3, ACC/DI _qFEDL |
||
| 245 | 0 | _aAllport-vernon study of values, Maslow's security-insecurity inventory, and eysenck soical attitude inventory in Indian situation | |
| 300 | _a69p. | ||
| 546 | _aM.Ed. Dissertations (Aligarh University) | ||
| 942 |
_cDIS _h301.201 3, ACC/DI |
||
| 999 |
_c1359653 _d1359653 |
||